| 000 -LEADER |
| fixed length control field |
01973cam a2200457 i 4500 |
| 001 - CONTROL NUMBER |
| control field |
20734999 |
| 003 - CONTROL NUMBER IDENTIFIER |
| control field |
NUST |
| 005 - DATE AND TIME OF LATEST TRANSACTION |
| control field |
20220825155726.0 |
| 008 - FIXED-LENGTH DATA ELEMENTS--GENERAL INFORMATION |
| fixed length control field |
181019s2019 nyu b 001 0deng c |
| 010 ## - LIBRARY OF CONGRESS CONTROL NUMBER |
| LC control number |
2018041400 |
| 020 ## - INTERNATIONAL STANDARD BOOK NUMBER |
| International Standard Book Number |
9780062839268 |
| Qualifying information |
(hardcover) |
| 038 ## - RECORD CONTENT LICENSOR |
| Staff Name |
Azhar |
| 040 ## - CATALOGING SOURCE |
| Original cataloging agency |
LBSOR/DLC |
| Language of cataloging |
eng |
| Transcribing agency |
LBSOR |
| Description conventions |
rda |
| Modifying agency |
DLC |
| 042 ## - AUTHENTICATION CODE |
| Authentication code |
pcc |
| 043 ## - GEOGRAPHIC AREA CODE |
| Geographic area code |
n-us-ca |
| 050 00 - LIBRARY OF CONGRESS CALL NUMBER |
| Classification number |
HF5549.5.C53 |
| Item number |
S375 2019 |
| 082 00 - DEWEY DECIMAL CLASSIFICATION NUMBER |
| Classification number |
658.407124 |
| Author Mark |
SCH |
| 100 1# - MAIN ENTRY--PERSONAL NAME |
| Personal name |
Schmidt, Eric, |
| Dates associated with a name |
1955 April 27- |
| Relator term |
author. |
| 9 (RLIN) |
10375 |
| 245 10 - TITLE STATEMENT |
| Title |
Trillion-dollar coach : |
| Remainder of title |
the leadership playbook from Silicon Valley's Bill Campbell |
| Statement of responsibility, etc. |
Eric Schmidt, Jonathan Rosenberg and Alan Eagle. |
| 250 ## - EDITION STATEMENT |
| Edition statement |
First edition. |
| 260 ## - PUBLICATION, DISTRIBUTION, ETC. |
| Place of publication, distribution, etc. |
New York, NY : |
| Name of publisher, distributor, etc. |
HarperBusiness, An Imprint of HarperCollinsPublishers, |
| Date of publication, distribution, etc. |
2019 |
| 264 #1 - PRODUCTION, PUBLICATION, DISTRIBUTION, MANUFACTURE, AND COPYRIGHT NOTICE |
| Date of production, publication, distribution, manufacture, or copyright notice |
[2019] |
| 300 ## - PHYSICAL DESCRIPTION |
| Extent |
xvi, 218 pages ; |
| Dimensions |
24 cm |
| 336 ## - CONTENT TYPE |
| Content type term |
text |
| Source |
rdacontent |
| 337 ## - MEDIA TYPE |
| Media type term |
unmediated |
| Source |
rdamedia |
| 338 ## - CARRIER TYPE |
| Carrier type term |
volume |
| Source |
rdacarrier |
| 504 ## - BIBLIOGRAPHY, ETC. NOTE |
| Bibliography, etc. note |
Includes bibliographical references and index. |
| 520 ## - SUMMARY, ETC. |
| Summary, etc. |
"Eric Schmidt, Jonathan Rosenberg and Alan Eagle, the team behind How Google Works, return with the story of Bill Campbell, the greatest executive business coach the world has ever seen, responsible for creating more value than just about anybody else on the planet"-- |
| Assigning source |
Provided by publisher. |
| 600 10 - SUBJECT ADDED ENTRY--PERSONAL NAME |
| Personal name |
Campbell, Bill, |
| Dates associated with a name |
1940-2016 |
| Form subdivision |
Anecdotes. |
| 9 (RLIN) |
97250 |
| 650 #0 - SUBJECT ADDED ENTRY--TOPICAL TERM |
| Topical term or geographic name entry element |
Employees |
| General subdivision |
Coaching of. |
| 9 (RLIN) |
4010 |
| 650 #0 - SUBJECT ADDED ENTRY--TOPICAL TERM |
| Topical term or geographic name entry element |
Management. |
| 650 #0 - SUBJECT ADDED ENTRY--TOPICAL TERM |
| Topical term or geographic name entry element |
Mentoring in business. |
| 9 (RLIN) |
8020 |
| 650 #0 - SUBJECT ADDED ENTRY--TOPICAL TERM |
| Topical term or geographic name entry element |
Business consultants |
| Geographic subdivision |
United States |
| Form subdivision |
Biography. |
| 9 (RLIN) |
97251 |
| 650 #0 - SUBJECT ADDED ENTRY--TOPICAL TERM |
| Topical term or geographic name entry element |
Executives |
| Geographic subdivision |
United States |
| Form subdivision |
Biography. |
| 9 (RLIN) |
96575 |
| 651 #0 - SUBJECT ADDED ENTRY--GEOGRAPHIC NAME |
| Geographic name |
Santa Clara Valley (Santa Clara County, Calif.) |
| Form subdivision |
Biography |
| -- |
Anecdotes. |
| 9 (RLIN) |
97252 |
| 700 1# - ADDED ENTRY--PERSONAL NAME |
| Personal name |
Rosenberg, Jonathan, |
| Dates associated with a name |
1961- |
| Relator term |
author. |
| 9 (RLIN) |
97253 |
| 700 1# - ADDED ENTRY--PERSONAL NAME |
| Personal name |
Eagle, Alan, |
| Relator term |
author. |
| 9 (RLIN) |
97254 |
| 906 ## - LOCAL DATA ELEMENT F, LDF (RLIN) |
| a |
7 |
| b |
cbc |
| c |
orignew |
| d |
1 |
| e |
ecip |
| f |
20 |
| g |
y-gencatlg |
| 942 ## - ADDED ENTRY ELEMENTS (KOHA) |
| Source of classification or shelving scheme |
|
| Koha item type |
Lincoln Corner |